Estadísticas para Todos Los DTs De River Plate

Haz click aquí para intentar la prueba.

Estadísticas generales

  • Esta prueba ha sido intentada 53 veces
  • La puntuación promedio es 26 de 71

Estadísticas de respuestas

PeriodoNombres% Correcto
2014-2022Marcelo Gallardo
98%
2022-ActualidadMartín Demichelis
95%
2001-2002Ramón Díaz
95%
2012-2014Ramón Díaz
95%
1995-2000Ramón Díaz
95%
2011-2012Matías Almeyda
89%
1963Ángel Labruna
86%
1975-1981Ángel Labruna
86%
1968-1970Ángel Labruna
86%
2006-2007Daniel Passarella
80%
1990-1994Daniel Passarella
80%
2010-2011Juan José López
80%
2010Ángel Cappa
73%
2008Diego Simeone
73%
1982Vladislao Cap
70%
1994Américo Gallego
68%
2000-2001Américo Gallego
68%
2004-2005Leonardo Astrada
68%
2009-2010Leonardo Astrada
68%
1989Reinaldo Merlo
66%
2005-2006Reinaldo Merlo
66%
1984-1987Héctor Veira
64%
1981-1982Alfredo Di Stéfano
61%
2009Néstor Gorosito
61%
2002-2003Manuel Pellegrini
52%
1988-1989César Menotti
43%
1987-1988Carlos Griguol
32%
1974Omar Sívori
32%
2012Gustavo Zapata
27%
2008Gabriel Rodríguez
25%
1947-1959José María Minella
25%
1963José María Minella
25%
1945-1946Carlos Peucelle
23%
1964Carlos Peucelle
23%
1964Carlos Peucelle
23%
2007Jorge Gordillo
23%
1964José Moreno
23%
1967Juan Carlos Lorenzo
20%
1973Delém
18%
2000Delém
18%
1934-1938Emérico Hirschl
18%
1995Carlos Babington
16%
1984Luis Cubilla
16%
1961-1962Néstor Rossi
16%
1974Néstor Rossi
16%
1940-1944Renato Cesarini
16%
1939Renato Cesarini
16%
1965-1966Renato Cesarini
16%
2001Patricio Hernández
14%
1970-1972Didí
11%
1963Enrique Fernández Viola
11%
1974Federico Vairo
9%
1984Federico Vairo
9%
1987Fernando Areán
9%
1983Jorge Dominichi
9%
1967José D'Amico
9%
1982José Manuel Vázquez
9%
1961José Ramos
9%
1982José Ramos Delgado
9%
1983José Varacka
9%
1989Martín Pando
9%
1983Martín Pando
9%
1931-1932Víctor Caamaño
9%
1960Alejandro Galán
7%
1934Eugenio Medgyessy
7%
1933Filippo Pascucci
7%
1940Franz Platko
7%
1964José Curti
7%
1967José Zorzenón
7%
1972Juan Urriolabeitía
7%
1972Osvaldo Diez
7%

Distribución de puntuación

Porcentaje por número respondido

Porcentaje de gente con cada puntuación

Historial de tus puntuaciones

No has intentado esta prueba.